| 000 | 00823nam a22002297a 4500 | ||
|---|---|---|---|
| 999 |
_c2874 _d2874 |
||
| 003 | AR-CdUCM | ||
| 008 | 190305b ||||| |||| 00| 0 spa d | ||
| 040 |
_aMUNICIPALIDAD PROVINCIAL DEL CUSCO _cBIBLIOTECA MUNICIPAL DEL CUSCO |
||
| 082 |
_23ed. _a371 / _bM44 |
||
| 100 |
_aMesser, August _98877 |
||
| 245 | _aFilosofía y educación / | ||
| 260 |
_aBuenos Aires : _bLosada, _c1949. |
||
| 300 |
_a218 páginas ; _c19 cm. |
||
| 440 |
_aBiblioteca pedagógica. _n5 _99933 |
||
| 505 | _aContenido: El conocimiento -- La realidad -- El valor -- La libertad -- La religión -- Concideraciones finales. | ||
| 650 |
_aEducación-Filosofía _94680 |
||
| 650 |
_aValores sociales _99934 |
||
| 650 |
_aValores (Filosofía) _99935 |
||
| 700 |
_aXirau, Joaquin (traducción) _99936 |
||
| 942 |
_2ddc _cLIBROS |
||
| 945 |
_azta _d09/04/2019 |
||